000 00235 a2200097 4500
001 29754
100 _aHuggins R A
245 _aAnnual review of materials science (Vol-9)
260 _a
_bannual Review Inc.
_c
090 _c19771
_d19771
942 _aNUST-CAE
_cM
_c10859
999 _c264827
_d264827